| 000 | 00509nam a22001817a 4500 | ||
|---|---|---|---|
| 005 | 20180507141130.0 | ||
| 010 | _aENG-122897 | ||
| 020 |
_a9789385288937 _c275.00 |
||
| 035 | _aEN-106429 | ||
| 037 | _bDBAD/PUB | ||
| 082 | _aS | ||
| 100 | _aShekhar, Hansda Sowvendra | ||
| 245 |
_aThe adivasi will not dance stories / _cby Omer |
||
| 260 |
_aNew Delhi _bSpeaking Tiger _c2017 |
||
| 270 |
_a4381/4, Ansari Road, Daryaganj, _bNew Delhi _e110002 |
||
| 300 |
_a189p. _c21cm(pbk) |
||
| 942 |
_2ddc _cEN _mSHE _hS |
||
| 999 |
_c151907 _d151907 |
||